Windhundrassen - Statistiken

Allgemein
  • Dieses Quiz wurde 15 mal gespielt
  • Das Durchschnittsergebnis liegt bei 6 aus 13
Antwortstatistiken
Bildquiz Hint Antwort % Korrekt
Fängt mit A an Afghanischer Windhund
83%
Aus Irland Irischer Wolfshund
83%
Eine der größten Hunderassen Barsoi
75%
Fängt mit W an Whippet
75%
Kleinste Windhundrasse Italienisches Windspiel
67%
Aus Spanien Galgo Espanol
50%
Gibt es in befedert und kurzhaarig Saluki
50%
Fängt mit D an Deerhound
42%
Fängt mit G an Greyhound
33%
Fängt mit S an Sloughi
25%
Fängt mit A an Azawakh
8%
Aus Polen Chart Polski
8%
Aus Ungarn Magyar Agar
8%
Keine übereinstimmenden Quizze gefunden
Verteilung der Resultate
Anzahl Personen mit jedem Resultat
Perzentil nach korrekt beantworteten Fragen
Ihre Resultats-Entwicklung
Sie haben dieses Quiz noch nicht gespielt